| 000 | 01636cam a2200493 i 4500 | ||
|---|---|---|---|
| 001 | 7312 | ||
| 003 | KOSZ 005 | ||
| 005 | 20250814102527.0 | ||
| 008 | 250814s1969 pl a f f 000 0 pol | ||
| 035 | _a991047657409705066 | ||
| 035 | _a(PL-WaBN)b3732021x-48omnis_nlop | ||
| 035 | _ab3732021x | ||
| 035 | _a(OCoLC)909219868 | ||
| 035 | _azz2005994481 | ||
| 035 | _a(PL)b0000003732021 | ||
| 035 | _a(EXLNZ-48OMNIS_NETWORK)9910090487105606 | ||
| 040 |
_aWA N _cWA N _dKOSZ 005/RW |
||
| 046 | _k1968 | ||
| 080 | _a621.9 | ||
| 080 | _a(07) | ||
| 100 | 1 |
_aMuszyński, Zbigniew _d(1912-1991) _eAutor |
|
| 245 | 1 | 0 |
_aTechnologia metali : _bwybrane działy. _nT. 2 / _cZbigniew Muszyński. |
| 250 | _aWydanie 2. | ||
| 260 |
_aWarszawa : _bPaństwowe Wydawnictwo Naukowe, _c1969. |
||
| 300 |
_a270 stron : _bilustracje ; _c24 cm. |
||
| 336 |
_aTekst _btxt _2rdacontent |
||
| 337 |
_aBez urządzenia pośredniczącego _bn _2rdamedia |
||
| 338 |
_aWolumin _bnc _2rdacarrier |
||
| 380 | _aKsiążki | ||
| 380 | _aPublikacje dydaktyczne | ||
| 380 | _aPublikacje naukowe | ||
| 385 |
_mPoziom nauczania _aSzkoły wyższe |
||
| 388 | 1 | _a1901-2000 | |
| 388 | 1 | _a1945-1989 | |
| 504 | _aBibliografia na stronach [264]-265. | ||
| 521 | 8 | _aSkrypt dla studentów wyższych szkół rolniczych. | |
| 650 | 7 |
_aObróbka metali _2DBN |
|
| 655 | 7 |
_aPodręcznik _2DBN |
|
| 658 | _aInżynieria i technika | ||
| 710 | 2 |
_aPaństwowe Wydawnictwo Naukowe _4pbl |
|
| 856 |
_ukoha.tu.koszalin.pl/cgi-bin/koha/opac-detail.pl?biblionumber=7312 _yKatalog online BPK |
||
| 942 |
_2UKD _cKS |
||
| 999 |
_c7312 _d7312 |
||